01024nam a2200193Ia 4500008004100000020001500041050002200056100002300078240006900101245010300170250001800273260003400291300001800325490001000343500007700353500008700430505029200517650002100809120626s1998 mx 000 0 spa d a9682308151 aPN1995 bM57 1998 aMitry, Jeaneautor aEsthétique et psychologie du cinéma. 2 les formeslespañol aEstética y psicología del cine b: 2 Las formasc/ Jean, Mitry; traducción de Mauro Armiño a5a. edición aMéxicob: Siglo XXIc, 1998 a583 páginas aArtes aTítulo original: Esthétique et psychologie du cinéma. 2 les formes aIncluye: Indice, Bibliografía, Indice de películas citadas, Indice de nombres  aCuarta parte. Ritmo y tomas de vistas móviles Cámara libre y profundidad de campo La palabra y el sonido Quinta parte. Tiempo, espacio y real percibido La conciencia de lo real Sexta parte. Tiempo y espacio del drama A la busca de una dramaturgia El fondo y la forma  0aCINEMATOGRAFÍA